[Event "46th Capablanca Memorial Open A"]
[Site "Havana CUB"]
[Date "2010.05.11"]
[Round "1.55"]
[White "Estrada Nieto,J"]
[Black "Balanza Llama,Claudia De La C."]
[Result "1-0"]
[WhiteElo "2316"]
[BlackElo "1976"]

1.e4 e6 2.d4 d5 3.Nd2 Nc6 4.Ngf3 Nf6 5.e5 Nd7 6.Bb5 a6 7.Bxc6 bxc6 8.Nb3 Bb7
9.Be3 Be7 10.O-O a5 11.Bd2 a4 12.Na5 Rb8 13.c4 O-O 14.c5 Ba8 15.Qxa4 Rxb2
16.Nxc6 Bxc6 17.Qxc6 Nb8 18.Qa4 Qd7 19.Qa3 Qb5 20.Bc3 Rc2 21.Ba5 Qa6 22.Qb3 Rxc5
23.dxc5 Qxa5 24.Rfc1 Bxc5 25.Qc3 Bb6 26.Qxa5 Bxa5 27.Rab1 Nd7 28.Rb3 Bb6
29.Ra3 h6 30.Rc6 Rb8 31.Kf1 Bc5 32.Rc3 Rb1+ 33.Ke2 Bb6 34.Rc2 Rb4 35.Rxc7 Bxc7
36.Rxc7 Nb8 37.a3 Rb6 38.Nd4 Kf8 39.Rc8+ Ke7 40.Rxb8 Ra6 41.Rb7+ Ke8 42.Nb5  1-0

[Event "4th All China Games Rapid"]
[Site "Hefei CHN"]
[Date "2010.05.17"]
[Round "2"]
[White "Wang Pin"]
[Black "Chen Yun"]
[Result "1/2-1/2"]
[WhiteElo "2407"]
[BlackElo "2181"]

1.e4 e6 2.d4 d5 3.Nd2 Be7 4.Ngf3 Nf6 5.Bd3 c5 6.exd5 Qxd5 7.dxc5 Bxc5 8.O-O O-O
9.Nb3 Be7 10.Bg5 h6 11.c4 Qd8 12.Bh4 Bd7 13.Qe2 Bc6 14.Rad1 Nbd7 15.Nbd4 Bxf3
16.Nxf3 Qb6 17.Bb1 Rfe8 18.Qc2 g6 19.Rfe1 Rac8 20.b3 Nf8 21.Ne5 Qa5 22.Qe2 Kg7
23.Qf3 Rcd8 24.Nd3 Rd7 25.b4 Qa3 26.Re3 Red8 27.Rde1 Qa4 28.Nc5 Qxb4 29.Nxd7 Rxd7
30.Rc1 N8h7 31.Ree1 Bc5 32.Qb3 Qa5 33.h3 b6 34.Bg3 Bd4 35.Qb5 Qa3 36.Qb3 Qc5
37.Rcd1 a6 38.Re2 e5 39.Rde1 Re7 40.Kh2 Nh5 41.Qd3 Nxg3 42.Qxg3 Qxc4 43.Qf3 Ng5
44.Qa3 Bc5 45.Qb2 Bd4 46.Qa3 Bc5 47.Qb3 Qf4+ 48.Qg3 Qxg3+ 49.Kxg3 Bd4 50.Kh2 Rc7
51.Rc2 Rc5 52.Rxc5 Bxc5 53.Re2 Ne6 54.g3 Nd4 55.Rb2 f5 56.Kg2 e4 57.h4 Kf6
58.a4 Nf3 59.Ba2 Ne1+ 60.Kf1 Nd3 61.Rd2 b5 62.Bb1 Bb4 63.Rxd3 Ke5  1/2-1/2

[Event "ch-HUN w"]
[Site "Nagykanizsa HUN"]
[Date "2010.05.17"]
[Round "4"]
[White "Lakos,N"]
[Black "Rudolf,An"]
[Result "0-1"]
[WhiteElo "2289"]
[BlackElo "2344"]

1.e4 e6 2.d4 d5 3.Nd2 a6 4.Ngf3 Nf6 5.Bd3 c5 6.exd5 Qxd5 7.dxc5 Bxc5 8.Qe2 Nbd7
9.Nb3 b5 10.Bg5 O-O 11.O-O-O Qc6 12.Bxf6 Nxf6 13.Ne5 Qc7 14.Nxc5 Qxc5 15.g4 Nd5
16.g5 Ra7 17.h4 Rc7 18.Rd2 Bb7 19.Rg1 Nf4 20.Qe3 Nxd3+ 21.Nxd3 Qc4 22.Kb1 Qxh4
23.f4 Rc4 24.b3 Re4 25.Qb6 Bc8 26.Qc7 e5 27.fxe5 Bf5 28.e6 Rxe6 29.Rh2 Qd4
30.Rd1 Qg4 31.Rhd2 Qxg5 32.Nc5 Re1 33.Qh2 Bxc2+  0-1

[Event "TCh-UKR Clubs"]
[Site "Alushta UKR"]
[Date "2010.05.18"]
[Round "9"]
[White "Prihodko,A"]
[Black "Shmat,S"]
[Result "1-0"]
[WhiteElo "2287"]
[BlackElo "2097"]

1.e4 e6 2.d4 d5 3.Nd2 Nc6 4.Ngf3 Nf6 5.e5 Nd7 6.Be2 f6 7.exf6 Qxf6 8.Nf1 Bd6
9.Ne3 O-O 10.O-O Ne7 11.Ng4 Qg6 12.Nh4 Qf7 13.f4 Nf5 14.Nf3 b6 15.Bd3 Bb7
16.Qe2 Rae8 17.c3 c5 18.Bd2 cxd4 19.cxd4 Qe7 20.Bb5 Rc8 21.Rfe1 Nf6 22.Nxf6+ Qxf6
23.Qxe6+ Qxe6 24.Rxe6 Rc2 25.Bc1 Rfc8 26.Re1 Bb4 27.Rd1 R2c7 28.Bd2 Be7 29.Rac1 Rxc1
30.Rxc1 Rxc1+ 31.Bxc1 Bf6 32.Bd3 Nxd4 33.Kf2 h6 34.b3 Nxf3 35.Kxf3 Kf7 36.g4 Bc3
37.h4 Bc8 38.h5 Bd7 39.g5 a5 40.Bg6+ Ke7 41.Ba3+ Kd8 42.gxh6 gxh6 43.Bf8 Be8
44.f5 Bf6 45.Bxh6 Ke7 46.Bxe8 Kxe8 47.a4 Ke7 48.Be3 d4 49.Bf2 Kd6 50.Ke4 Kc5
51.h6 Bh8 52.h7 Bf6 53.Bg3 d3 54.Kxd3 Kd5 55.Be1  1-0

[Event "III Copa Roggio A"]
[Site "Asuncion PAR"]
[Date "2010.05.20"]
[Round "1"]
[White "Zambrana,O"]
[Black "Cubas,Jo"]
[Result "1/2-1/2"]
[WhiteElo "2504"]
[BlackElo "2462"]

1.e4 e6 2.d4 d5 3.Nd2 Nc6 4.Ngf3 Nf6 5.e5 Nd7 6.Nb3 f6 7.Bb5 a6 8.Bxc6 bxc6
9.Bf4 Be7 10.Qd2 Rb8 11.O-O O-O 12.exf6 Nxf6 13.Ne5 Ne4 14.Qe3 Qe8 15.Nd3 Bd6
16.Be5 Qg6 17.f3 Ng5 18.Na5 Bd7 19.b3 Rb5 20.c3 Rf5 21.b4 Rb8 22.Nc5 Bxc5
23.dxc5 Rbf8 24.f4 Ne4 25.Bxc7 Qf7 26.Nb3 g5 27.g3 gxf4 28.gxf4 Rh5 29.Kh1 e5
30.Qg1+ Qg6 31.Qxg6+ hxg6 32.Bxe5 Ng3+ 33.Kg1 Ne2+ 34.Kh1 Ng3+ 35.Kg1 Ne2+
36.Kh1 Ng3+  1/2-1/2

[Event "ch-USA"]
[Site "Saint Louis USA"]
[Date "2010.05.20"]
[Round "7"]
[White "Christiansen,L"]
[Black "Nakamura,Hi"]
[Result "1/2-1/2"]
[WhiteElo "2578"]
[BlackElo "2733"]

1.e4 e6 2.d4 d5 3.Nd2 Be7 4.Ngf3 Nf6 5.e5 Nfd7 6.Bd3 c5 7.c3 Nc6 8.O-O g5
9.dxc5 Nxc5 10.Bb5 h6 11.Nb3 Bd7 12.Nxc5 Bxc5 13.Qe2 Bb6 14.Be3 a6 15.Bxc6 bxc6
16.Bxb6 Qxb6 17.b4 c5 18.Qe3 Rc8 19.Rfc1 Qc7 20.h3 Rg8 21.bxc5 Qxc5 22.Nd4 Rg6
23.Rab1 Bb5 24.Rb4 Kf8 25.Qd2 Kg8 26.a4 Be8 27.Ne2 f6 28.Qd4 fxe5 29.Qxe5 Qc7
30.Qd4 a5 31.Rb6 Bxa4 32.Ra1 Bc2 33.Rxa5 Bd1 34.Ng3 Qxc3 35.Rxd5 Qxd4 36.Rxd4 Bc2
37.Rd7 Rf6 38.Nh5 Rf7 39.Rxf7 Kxf7 40.Rb7+ Kf8 41.Nf6 Bg6 42.Nd7+ Kg8 43.Ne5 Bh5
44.Re7 Re8 45.Rc7 Rb8 46.Nd7 Rb1+ 47.Kh2 Bf7 48.Nf6+ Kg7 49.Ng4 Rb5 50.Nxh6 Kxh6
51.Rxf7 Kg6 52.Rf8 Rb4 53.Kg3 Ra4 54.Rf3 Rb4 55.Re3 Kf5 56.Kf3 Rf4+ 57.Ke2 Ra4
58.g4+ Kf6 59.Kf3 e5 60.Rb3 Kg6 61.Rb6+ Kf7 62.Rh6 Rf4+ 63.Ke3 Ra4 64.f3 Rb4
65.Rh5 Kf6 66.Rh6+ Kf7 67.h4 gxh4 68.Rxh4 Ra4 69.Rh6 Rb4 70.g5 Rf4 71.Ra6 Rf5
72.g6+ Kg7  1/2-1/2

[Event "Limburg Open"]
[Site "Maastricht NED"]
[Date "2010.05.22"]
[Round "2"]
[White "Gharamian,T"]
[Black "Schuh,Di"]
[Result "1-0"]
[WhiteElo "2632"]
[BlackElo "2344"]

1.d4 e6 2.e4 d5 3.Nd2 Be7 4.Ngf3 Nf6 5.e5 Nfd7 6.c3 c5 7.Bd3 Nc6 8.O-O Qb6
9.dxc5 Nxc5 10.Bc2 Qc7 11.Re1 f6 12.exf6 Bxf6 13.Nb3 Nxb3 14.axb3 O-O 15.Ng5 g6
16.Nxe6 Bxe6 17.Rxe6 Qf7 18.Re2 d4 19.b4 Qg7 20.b5 dxc3 21.bxc6 cxb2 22.Bxb2 Bxb2
23.Ra2 Rad8 24.Qb1 Bd4 25.cxb7 Bb6 26.Be4 Qd4 27.g3 Qd1+ 28.Qxd1 Rxd1+ 29.Kg2 Kg7
30.Rac2 Rd7 31.Rc8  1-0

[Event "ch-HUN w"]
[Site "Nagykanizsa HUN"]
[Date "2010.05.22"]
[Round "8"]
[White "Lakos,N"]
[Black "Erdos,B"]
[Result "1-0"]
[WhiteElo "2289"]
[BlackElo "2147"]

1.e4 e6 2.d4 d5 3.Nd2 Be7 4.Bd3 c5 5.dxc5 Nf6 6.Qe2 Bxc5 7.Ngf3 Nc6 8.exd5 Nxd5
9.Ne4 Be7 10.O-O Qc7 11.c4 Nf4 12.Bxf4 Qxf4 13.c5 O-O 14.Rfd1 e5 15.h3 Bf5
16.Rac1 Rad8 17.Rc4 Be6 18.Rcc1 Bxa2 19.g3 Qh6 20.h4 Bd5 21.Neg5 Bxf3 22.Nxf3 Bf6
23.Be4 Nd4 24.Nxd4 exd4 25.Bxb7 d3 26.Qd2 Qg6 27.Rc4 Bd4 28.Kg2 Qe6 29.b3 Be5
30.Bf3 Bc7 31.Re1 Qf6 32.Re3 Rfe8 33.Rxd3 Rxd3 34.Qxd3 Qa1 35.Re4 Rf8 36.Re7 Bb8
37.c6 Qa3 38.Rb7 Qc1 39.Qd7 Be5 40.c7 g6 41.Bc6  1-0

[Event "Municipality Cup"]
[Site "Tbilisi GEO"]
[Date "2010.05.22"]
[Round "8"]
[White "Qashashvili,A"]
[Black "Bakhtadze,L"]
[Result "0-1"]
[WhiteElo "2315"]
[BlackElo "2054"]

1.e4 e6 2.d4 d5 3.Nd2 Be7 4.Ngf3 Nf6 5.e5 Nfd7 6.Bd3 c5 7.c3 Nc6 8.O-O Qb6
9.dxc5 Nxc5 10.Bc2 O-O 11.b4 Nd7 12.Qe2 f6 13.exf6 Nxf6 14.Nb3 Bd7 15.b5 Na5
16.Nbd4 Rae8 17.a4 Bd6 18.Ne5 Bxe5 19.Qxe5 Nc4 20.Qg3 e5 21.Nf5 Bxf5 22.Bxf5 Nd6
23.Bd3 Nfe4 24.Bxe4 Nxe4 25.Qe3 Qxe3 26.Bxe3 a6 27.Rfc1 Rc8 28.Ra3 Rc4 29.f3 Nf6
30.bxa6 bxa6 31.a5 Rfc8 32.Kf2 d4 33.Bd2 e4  0-1

[Event "2nd SCS Open"]
[Site "Bhubaneswar IND"]
[Date "2010.05.23"]
[Round "3"]
[White "Sahu,V"]
[Black "Kamble,V"]
[Result "0-1"]
[WhiteElo "2105"]
[BlackElo "2412"]

1.e4 e6 2.d4 d5 3.Nd2 Be7 4.Ngf3 Nf6 5.Bd3 c5 6.exd5 Qxd5 7.Bc4 Qc6 8.O-O a6
9.dxc5 Bxc5 10.Ne5 Qc7 11.Qe2 b5 12.Bd3 Bb7 13.Ndf3 Nc6 14.Re1 Nb4 15.Nxf7 Nxd3
16.cxd3 Bxf3 17.Qxe6+ Kf8 18.Nxh8 Bd5 19.Qf5 Qd7 20.Re5 Qxf5 21.Rxf5 Bd4
22.Bg5 Be6 23.Rf4 Bxb2 24.Re1 Bxa2 25.Re2 Re8 26.Rxe8+ Kxe8 27.d4 Bc4 28.Rf3 b4
29.Re3+ Kd7 30.d5 Bxd5 31.Rd3 Kc6 32.Bd2 b3 33.f3 Be5  0-1

[Event "34th Open"]
[Site "Fourmies FRA"]
[Date "2010.05.23"]
[Round "5"]
[White "Lalau,A"]
[Black "Song,Ju"]
[Result "0-1"]
[WhiteElo "2061"]
[BlackElo "2344"]

1.e4 e6 2.d4 d5 3.Nd2 Be7 4.Bd3 Nc6 5.c3 dxe4 6.Nxe4 e5 7.dxe5 Nxe5 8.Bb5+ c6
9.Qxd8+ Kxd8 10.Be2 Bf5 11.Ng5 Ke8 12.N1f3 Nxf3+ 13.Nxf3 Nf6 14.O-O Rd8 15.Bg5 h6
16.Bh4 g5 17.Bg3 Kf8 18.Rfe1 Ne4 19.Be5 f6 20.Nd4 Bd7 21.Bc7 Rc8 22.Bg3 Nxg3
23.hxg3 c5 24.Nc2 Rd8 25.Bf3 b6 26.Bd5 Rh7 27.Ne3 f5 28.Rad1 Bf6 29.Bc4 Bc8
30.Rxd8+ Bxd8 31.Rd1 Rd7 32.Rxd7 Bxd7 33.Bd3 f4 34.gxf4 gxf4 35.Nd5 Bg5 36.Kf1 Kf7
37.Ke2 Ke6 38.Be4 Ke5 39.Bf3 Bb5+ 40.Kd2 Bc4 41.Nc7 Bxa2 42.Nb5 a5  0-1

[Event "ch-PHI w"]
[Site "Tagaytay City PHI"]
[Date "2010.05.25"]
[Round "1"]
[White "Suede,A"]
[Black "Suede,M"]
[Result "0-1"]
[WhiteElo "1945"]
[BlackElo "1949"]

1.e4 e6 2.d4 d5 3.Nd2 Nc6 4.c3 e5 5.exd5 Qxd5 6.dxe5 Nxe5 7.Qc2 Bg4 8.f4 Be7
9.Qe4 Qxe4+ 10.Nxe4 Ng6 11.Be2 Bd7 12.Nf3 Bc6 13.Ng3 Bc5 14.Nf5 O-O-O 15.Bd2 Nf6
16.b4 Bxf3 17.Bxf3 Bf2+ 18.Kxf2 Rxd2+ 19.Ke3 Rb2 20.g3 Re8+ 21.Kd3 Ne7 22.Nd4 Ned5
23.Nc2 Rd8 24.Nd4 Nxb4+ 25.cxb4 Rxb4 26.Kc3 Rbxd4 27.Rhd1 Ne4+ 28.Kc2 Rxd1
29.Rxd1 Rxd1 30.Bxd1 Kd7 31.Bg4+ Kd6 32.Bf3 Nc5 33.Kc3 a5 34.a3 c6 35.Kd4 b5
36.Kc3 Ne6 37.Be4 g6 38.h4 f5 39.Bb1 Ng7 40.Ba2 Nh5 41.Bg8 Nf6 42.Bf7 Ne4+
43.Kb3 Nxg3 44.Bg8 Nh5 45.Bxh7 Nxf4 46.Kc3 Kc5  0-1

[Event "ch-CHN w"]
[Site "Xinghua CHN"]
[Date "2010.05.26"]
[Round "3"]
[White "Wang Yu A"]
[Black "Zhao Xue"]
[Result "1/2-1/2"]
[WhiteElo "2337"]
[BlackElo "2493"]

1.e4 e6 2.d4 d5 3.Nd2 a6 4.Ngf3 Nf6 5.Bd3 c5 6.exd5 Qxd5 7.dxc5 Bxc5 8.Qe2 Nc6
9.Ne4 Be7 10.O-O Qd8 11.Rd1 Qc7 12.Nxf6+ gxf6 13.c3 h5 14.a4 Bd7 15.b4 Ne5
16.Nxe5 Qxe5 17.Qxe5 fxe5 18.Be3 Rc8 19.b5 axb5 20.Bxb5 Bc6 21.Rab1 O-O 22.Bxc6 bxc6
23.Rd7 Rb8 24.Rbb7 Rfd8 25.Rxd8+ Rxd8 26.g4 Rd1+ 27.Kg2 Bd8 28.gxh5 Ba5 29.c4 Bc3
30.Rc7 Ra1 31.Rxc6 Rxa4 32.Rc8+ Kh7 33.Rc7 Kg7 34.h6+ Kg6 35.h4 e4 36.c5 Ra8
37.h5+ Kf6 38.c6 Be5 39.Ra7 Rc8 40.Ra4 Bd6 41.Rxe4 Rxc6 42.Rg4 Rc8 43.f4 Rh8
44.Bd4+ e5 45.fxe5+ Bxe5 46.Rf4+ Ke6  1/2-1/2

[Event "III Copa Roggio A"]
[Site "Asuncion PAR"]
[Date "2010.05.27"]
[Round "7"]
[White "Rozentalis,E"]
[Black "Cubas,Jo"]
[Result "1-0"]
[WhiteElo "2618"]
[BlackElo "2462"]

1.e4 e6 2.d4 d5 3.Nd2 Be7 4.c3 c5 5.dxc5 Nf6 6.exd5 exd5 7.Nb3 O-O 8.Be2 a5
9.a4 Na6 10.Be3 Ne4 11.Nf3 Naxc5 12.Nxc5 Bxc5 13.Bxc5 Nxc5 14.O-O Bg4 15.h3 Bh5
16.Nd4 Bxe2 17.Qxe2 Ra6 18.Rfe1 Rb6 19.Nf5 g6 20.Ne7+ Kg7 21.Qe5+ f6 22.Qe3 d4
23.cxd4 Re6 24.Nf5+ Kh8 25.Qh6  1-0

[Event "XXIX Open A"]
[Site "Zalakaros HUN"]
[Date "2010.05.27"]
[Round "2"]
[White "Vajda,S"]
[Black "Kabai,Z"]
[Result "1-0"]
[WhiteElo "2363"]
[BlackElo "2130"]

1.e4 e6 2.d4 d5 3.Nd2 Be7 4.Bd3 c5 5.dxc5 Nf6 6.exd5 Qxd5 7.Ngf3 O-O 8.Qe2 Bxc5
9.O-O Nc6 10.Nb3 Be7 11.Bg5 Qd6 12.Rad1 Qc7 13.c3 b6 14.Rfe1 Bb7 15.Nbd2 Rad8
16.Bb1 Rd7 17.Ne4 Nxe4 18.Qxe4 g6 19.Rxd7 Qxd7 20.Qh4 Rd8 21.h3 Qe8 22.Be4 Rd7
23.Bxc6 Bxc6 24.Ne5 Bxg5 25.Qxg5 Rd6 26.Ng4 Qf8 27.Qe5 Rd8 28.Nf6+ Kh8 29.Qc7 Ba8
30.Qxa7 Qg7 31.Qe7 Rc8 32.Ne8 Qh6 33.Nd6 Qd2 34.Qf6+ Kg8 35.Qxf7+ Kh8 36.Qf6+ Kg8
37.Qxe6+ Kg7 38.Nxc8  1-0

[Event "XXIX Open A"]
[Site "Zalakaros HUN"]
[Date "2010.05.27"]
[Round "2"]
[White "Meszaros,T"]
[Black "Csonka,B"]
[Result "1-0"]
[WhiteElo "2434"]
[BlackElo "2197"]

1.e4 e6 2.d4 d5 3.Nd2 Be7 4.Ngf3 Nf6 5.Bd3 c5 6.e5 Nfd7 7.c3 Nc6 8.O-O g5
9.dxc5 Nxc5 10.Bb5 Bd7 11.b4 Ne4 12.Bxc6 Bxc6 13.Nd4 Qc7 14.Nxe4 dxe4 15.Nxc6 Qxc6
16.Be3 Qxc3 17.Rc1 Qd3 18.Qh5 Qd5 19.Rfd1 Qb5 20.Rc7 Qxe5 21.Rdd7 Qa1+ 22.Bc1 Qxc1+
23.Rxc1 Kxd7 24.Qxf7 Rad8 25.h4  1-0

[Event "2nd SCS Open"]
[Site "Bhubaneswar IND"]
[Date "2010.05.28"]
[Round "9"]
[White "Vaibhav,S"]
[Black "Hossain,Enam"]
[Result "1-0"]
[WhiteElo "2347"]
[BlackElo "2499"]

1.e4 e6 2.d4 d5 3.Nd2 a6 4.Ngf3 c5 5.dxc5 Bxc5 6.Bd3 Nc6 7.c3 Nge7 8.O-O O-O
9.exd5 exd5 10.Nb3 Bb6 11.Re1 h6 12.h3 Nf5 13.Bf4 Qf6 14.Qd2 a5 15.a4 Be6
16.Rad1 Rfe8 17.Bb5 Nh4 18.Nxh4 Qxh4 19.Nd4 Nxd4 20.cxd4 Rec8 21.Be5 Bf5
22.Rc1 Qg5 23.Bf4 Qg6 24.Kh1 Be4 25.f3 Bf5 26.Rxc8+ Rxc8 27.Re8+ Rxe8 28.Bxe8 Qf6
29.Be3 Qe7 30.Bb5 Qb4 31.Qxb4 axb4 32.Kg1 b3 33.Kf2 Ba5 34.Bc1 g5 35.g4 Be6
36.Ke2 f5 37.Bd2 Bb6 38.Kd3 h5 39.Bxg5 fxg4 40.fxg4 hxg4 41.hxg4 Bxg4 42.Kc3 Bd1
43.Be7 Kf7 44.Bb4 Bc7 45.a5 Bg3 46.Kd2 Bg4 47.Ba4 Bf2 48.Bc5 Bg3 49.Bxb3 Ke6
50.Ba2 Bh5 51.b4 Be8 52.Bb1 Bf4+ 53.Kc3 Bg3 54.Bd3 Bc7 55.Kb3 Bd8 56.Ka3 Bc7
57.Be2 Bg6 58.Bg4+ Bf5 59.Bxf5+ Kxf5 60.Ka4 Ke6 61.Kb5 Kd7 62.a6 bxa6+ 63.Kxa6 Kc8
64.b5 Kb8 65.b6  1-0

[Event "14th Chicago Open"]
[Site "Wheeling USA"]
[Date "2010.05.28"]
[Round "2"]
[White "Betaneli,A"]
[Black "Sedlak,N"]
[Result "0-1"]
[WhiteElo "2260"]
[BlackElo "2567"]

1.e4 e6 2.d4 d5 3.Nd2 a6 4.Ngf3 Nf6 5.e5 Nfd7 6.c4 dxc4 7.Bxc4 Nb6 8.Bb3 Bd7
9.O-O Bc6 10.Re1 Bb4 11.a3 Bxd2 12.Bxd2 Bd5 13.Bc2 Nc6 14.Bc3 Qe7 15.Qe2 O-O-O
16.Nd2 f5 17.b4 Bxg2 18.Kxg2 Nd5 19.Qc4 Qh4 20.Kh1 Qxf2 21.Rf1 Qe3 22.Rf3 Qh6
23.Nb3 g5 24.Bd2 Qh4 25.Be1 Qh5 26.Bd1 g4 27.Rd3 Rhe8 28.Na5 Nb6 29.Qc3 Ne7
30.Qb3 Ned5 31.b5 axb5 32.Qxb5 f4 33.Rc1 Qf5 34.Bb3 Kb8 35.Bxd5 exd5 36.Rdc3 g3
37.hxg3 fxg3 38.Bxg3 Qe4+ 39.Kh2 Re6 40.Kg1 Qxd4+ 41.Bf2 Rg8+ 42.Kf1 Qe4
43.Qc5 Qh1+ 44.Ke2 Rxe5+ 45.Kd2 Qh6+ 46.Re3 Rc8 47.Bg3 Qxe3+ 48.Qxe3 Rxe3
49.Kxe3 Re8+ 50.Kd3 Re7 51.Bf2 Rf7 52.Ke2 Na4 53.Bd4 Kc8 54.Nb3 b6 55.Rf1 Rxf1
56.Kxf1 c5 57.Bf6 Kd7 58.Ke2 Ke6 59.Bd8 d4 60.Nd2 Kd5 61.Nf3 b5 62.Kd2 Nc3
63.Kc2 Ne4 64.Ng5 Nxg5 65.Bxg5 h5 66.Be7 c4 67.Kd2 Ke4 68.Bf6 c3+ 69.Ke2 d3+
70.Kd1 c2+ 71.Kd2 Kf3 72.Bg5 c1=Q+ 73.Kxc1  0-1

[Event "XXIX Open A"]
[Site "Zalakaros HUN"]
[Date "2010.05.29"]
[Round "4"]
[White "Nagy,Ga1"]
[Black "Csonka,B"]
[Result "1-0"]
[WhiteElo "2338"]
[BlackElo "2197"]

1.e4 e6 2.d4 d5 3.Nd2 Be7 4.Ngf3 Nf6 5.Bd3 c5 6.exd5 Qxd5 7.dxc5 Nbd7 8.Nb3 Nxc5
9.Nxc5 Qxc5 10.Qe2 O-O 11.Be3 Qa5+ 12.Bd2 Qb6 13.O-O Qxb2 14.Rfb1 Qa3 15.Rb3 Qd6
16.Rd1 Nd5 17.Ne5 Bf6 18.Bxh7+ Kxh7 19.Qh5+ Kg8 20.Rh3  1-0

[Event "XXIX Open A"]
[Site "Zalakaros HUN"]
[Date "2010.06.02"]
[Round "8"]
[White "Jamrich,G"]
[Black "Dankhazi,A"]
[Result "1/2-1/2"]
[WhiteElo "2322"]
[BlackElo "2049"]

1.e4 e6 2.d4 d5 3.Nd2 Be7 4.Bd3 Nf6 5.Ngf3 c5 6.dxc5 dxe4 7.Nxe4 Nxe4 8.Bxe4 Qxd1+
9.Kxd1 Bxc5 10.Ke2 Nd7 11.Nd2 f5 12.Bd3 b6 13.Bc4 Ne5 14.Bb5+ Bd7 15.Bxd7+ Nxd7
16.Nb3 Be7 17.Nd4 Kf7 18.Rd1 Nc5 19.Be3 Rac8 20.a4 a6 21.f3 Rhd8 22.b4 Nb7
23.b5 axb5 24.axb5 Na5 25.Ra2 g6 26.f4 Bc5 27.Rd3 Kf6 28.Bf2 Kf7 29.c3 Rd5
30.Rh3 h5 31.Nf3 Bxf2 32.Kxf2 Rxb5 33.Ne5+ Kf6 34.Rd3 Rd5 35.Rxd5 exd5 36.Rb2 Nc4
37.Nxc4 Rxc4 38.Rxb6+ Kf7 39.Ke3 Rxc3+ 40.Kd4 Rc4+ 41.Kxd5 Rxf4 42.Rb7+ Kf6
43.Rb6+ Kg5 44.g3 Rf2 45.h4+ Kh6 46.Ke5 Kg7 47.Rb7+ Kh6 48.Kf6 f4 49.g4 hxg4
50.Rb8 Kh7 51.Rb7+ Kh6 52.Rb8 Kh7 53.Rb7+ Kh6  1/2-1/2

[Event "Mitropa Cup w"]
[Site "Chur SUI"]
[Date "2010.06.04"]
[Round "7"]
[White "Kopinits,A"]
[Black "Medic,Mir"]
[Result "1/2-1/2"]
[WhiteElo "2158"]
[BlackElo "2271"]

1.e4 e6 2.d4 d5 3.Nd2 Be7 4.c3 c5 5.exd5 exd5 6.Ngf3 Nf6 7.Bb5+ Bd7 8.Bxd7+ Nbxd7
9.dxc5 Nxc5 10.Nb3 Nce4 11.O-O O-O 12.Nfd4 Re8 13.Nf5 Bf8 14.f3 Nd6 15.Nxd6 Bxd6
16.Bg5 Bc7 17.Bh4 Qd6 18.Bg3 Bb6+ 19.Nd4 Qd7 20.Bf2 Re5 21.Re1 Rae8 22.Rxe5 Rxe5
23.Qd2 Qe8 24.Kf1 h6 25.Rd1 Qa4 26.b3 Qe8 27.Nc2 Bxf2 28.Kxf2 Qb5 29.Nd4 Qc5
30.Re1 Rxe1 31.Qxe1 b5 32.Qd2 a6 33.g3 Nd7 34.Kg2 Nf8 35.Nc2 Ne6 36.Nb4 Nc7
37.Nd3 Qd6 38.Qf4 Qd7 39.Qe5 Kf8 40.Kf2 a5 41.Nf4 a4 42.Qe3 Qc6 43.Ne2 axb3  1/2-1/2

[Event "Mitropa Cup"]
[Site "Chur SUI"]
[Date "2010.06.05"]
[Round "8"]
[White "Lenic,L"]
[Black "Bosiocic,Mari"]
[Result "1-0"]
[WhiteElo "2592"]
[BlackElo "2562"]

1.e4 e6 2.d4 d5 3.Nd2 Be7 4.Ngf3 Nf6 5.Bd3 c5 6.dxc5 Nc6 7.Qe2 Nb4 8.Nb3 a5
9.a4 dxe4 10.Bb5+ Bd7 11.Ne5 O-O 12.Nxd7 Nxd7 13.Qxe4 Nxc5 14.Nxc5 Bxc5 15.O-O Qd5
16.Qxd5 Nxd5 17.Bd2 Rfd8 18.Rfd1 Rd6 19.Be1 b6 20.Rd3 Rad8 21.Rad1 Kf8 22.g3 Ke7
23.c3 Nf6 24.Kf1 Rxd3 25.Rxd3 Rxd3 26.Bxd3 Ng4 27.Be2 Ne5 28.f4 Nd7 29.Bf3 g6
30.Ke2 h5 31.b4 Bg1 32.h4 Kd6 33.Bd2 axb4 34.cxb4 Bd4 35.Be1 e5 36.f5 Nf6
37.fxg6 fxg6 38.Kd3 Nd5 39.Be4 Ne7 40.Ke2 Kc7 41.Kf3 Bb2 42.g4 hxg4+ 43.Kxg4 Bc1
44.Bg3 Kd6 45.a5 bxa5 46.bxa5 Be3 47.a6 Ba7 48.Kf3 Nf5 49.Bf2 Nd4+ 50.Kg4 Ke6
51.Bxg6 Kf6 52.Be4 Bb6 53.Be3 Bc5 54.h5 Kf7 55.h6 Kf6 56.Bg5+ Kf7 57.h7  1-0

[Event "TOP 16"]
[Site "Guingamp FRA"]
[Date "2010.06.05"]
[Round "10"]
[White "Reinhart,E"]
[Black "Le Goff,D"]
[Result "1/2-1/2"]
[WhiteElo "2337"]
[BlackElo "2281"]

1.e4 e6 2.d4 d5 3.Nd2 Nc6 4.c3 e5 5.dxe5 dxe4 6.Qe2 Nxe5 7.Nxe4 Qe7 8.Bf4 f5
9.Nc5 Ng6 10.Nd3 Nxf4 11.Nxf4 Bd7 12.Qxe7+ Nxe7 13.Nf3 Nc6 14.O-O-O O-O-O
15.Bc4 Re8 16.Rhe1 Bd6 17.Nh5 Ne5 18.Nxe5 Bxe5 19.f4 Bd6 20.g3 g6 21.Nf6 Rxe1
22.Rxe1 Bc6 23.Bd5 Bxd5 24.Nxd5 Rf8 25.Kd2 c6 26.Ne3 Rd8 27.Ke2 Re8 28.Kf3 b5
29.Nc2 Rxe1 30.Nxe1 a5 31.Ke2 Kd7 32.Nf3 a4 33.Ng5 h6 34.Nf3 Ke6 35.Kd3 c5
36.b3 axb3 37.axb3 Be7 38.h4 Bf6 39.c4 b4 40.Ke2 Bc3 41.Nh2 h5 42.Nf1 Bf6
43.Ne3 Be7 44.Kd3 Bd6 45.Nc2 Bf8 46.Ke3 Be7 47.Ne1 Bf8 48.Nd3 Bd6 49.Kf3 Kf6
50.Nb2 Ke6 51.Na4 Be7 52.Ke3 Bd6 53.Nb6 Be7 54.Nd5 Bd6 55.Kd3 Kf7 56.Ke3 Ke6  1/2-1/2

[Event "FSGM June"]
[Site "Budapest HUN"]
[Date "2010.06.08"]
[Round "4"]
[White "Vajda,Le"]
[Black "Toth,E"]
[Result "1-0"]
[WhiteElo "2519"]
[BlackElo "2360"]

1.e4 e6 2.d4 d5 3.Nd2 Be7 4.Ngf3 Nf6 5.Bd3 c5 6.dxc5 a5 7.O-O Na6 8.exd5 exd5
9.Nb3 a4 10.Nbd4 Nxc5 11.Nf5 Bxf5 12.Bxf5 O-O 13.a3 Nce4 14.Be3 Bc5 15.Bxc5 Nxc5
16.Qd4 Qa5 17.Rfd1 Rfe8 18.Rab1 Rad8 19.Ne5 Nce4 20.Ng4 Nxg4 21.Bxg4 h6 22.h3 Ng5
23.Bf5 Ne4 24.Bg4 Nf6 25.Bf3 Rc8 26.c3 Rc4 27.Qd3 Qc5 28.Re1 Rd8 29.Re5 Qc7
30.Rbe1 d4 31.Bd5 Rc5 32.Re7 Qf4 33.Bxf7+ Kf8 34.Bg6 Rc7 35.R7e5 Qh4 36.Qb5 Rcc8
37.Qxb7 Kg8 38.Re7  1-0

[Event "3rd Mayor's Cup"]
[Site "Mumbai IND"]
[Date "2010.06.10"]
[Round "11"]
[White "Ismagambetov,An"]
[Black "Girinath,P"]
[Result "1/2-1/2"]
[WhiteElo "2524"]
[BlackElo "2389"]

1.e4 e6 2.d4 d5 3.Nd2 Nc6 4.Ngf3 Nf6 5.e5 Nd7 6.Bd3 f6 7.exf6 Qxf6 8.O-O Bd6
9.c4 O-O 10.Nb3 dxc4 11.Bxc4 Nb6 12.Bd3 e5 13.Bg5 Qf7 14.dxe5 Nxe5 15.Nxe5 Bxe5
16.f4 Bd6 17.f5 Bd7 18.Kh1 Qd5 19.Qc2 Rae8 20.Rad1 Qf7 21.Bf4 Bxf4 22.Rxf4 Kh8
23.Nd4 Qh5 24.Be4 Qh6 25.Qf2 g5 26.Rg4 Qf6 27.h4 gxh4 28.Rxh4 Nc4 29.Bxb7 Ne3
30.Re1 c5 31.Nb3 Bxf5 32.Bf3 c4 33.Nd2 Bd3 34.Rh5 Ng4 35.Qg3 Ne3 36.Qf2 Ng4
37.Qg1 Qf4  1/2-1/2

[Event "45th Capablanca Mem Open"]
[Site "Havana CUB"]
[Date "2010.06.11"]
[Round "2"]
[White "Quesada Perez,Y"]
[Black "Lebredo Zaragoitia,G"]
[Result "1-0"]
[WhiteElo "2582"]
[BlackElo "2262"]

1.e4 e6 2.d4 d5 3.Nd2 a6 4.Ngf3 c5 5.dxc5 Bxc5 6.Bd3 Nc6 7.O-O Nf6 8.exd5 exd5
9.Nb3 Ba7 10.Re1+ Be6 11.Bg5 h6 12.Bh4 O-O 13.h3 Qd6 14.Bxf6 gxf6 15.c3 Qf4
16.Bc2 Ne5 17.Nbd4 Kh8 18.Qc1 Nxf3+ 19.Nxf3 Qxc1 20.Raxc1 Rg8 21.Kf1 Rg7
22.Rcd1 Rag8 23.g4 h5 24.Bf5 hxg4 25.hxg4 Rxg4 26.Bxg4 Bxg4 27.Rd3 Bd7 28.Rxd5 Bc6
29.Rh5+ Kg7 30.Nd4 Bxd4 31.cxd4 Rd8 32.Rh4 f5 33.Ke2 Kf6 34.Rg1 Bd5 35.b3 Rc8
36.Kd2 Be4 37.Rh6+ Ke7 38.Rc1 Bc6 39.d5 Rd8 40.Re1+  1-0

[Event "45th Capablanca Mem Open"]
[Site "Havana CUB"]
[Date "2010.06.11"]
[Round "2"]
[White "Hernandez Fernandez,Ra"]
[Black "Juarez Flores,C"]
[Result "1/2-1/2"]
[WhiteElo "2301"]
[BlackElo "2374"]

1.e4 e6 2.d4 d5 3.Nd2 Nc6 4.Ngf3 Nf6 5.e5 Nd7 6.Nb3 f6 7.Bb5 a6 8.Bxc6 bxc6
9.O-O fxe5 10.Na5 Qf6 11.Nxc6 e4 12.Nfe5 Nxe5 13.Nxe5 Bd6 14.f3 O-O 15.fxe4 Qxf1+
16.Qxf1 Rxf1+ 17.Kxf1 dxe4 18.Ke2 Bb7 19.Be3 Rd8 20.Rd1 Bxe5  1/2-1/2

[Event "45th Capablanca Mem Open"]
[Site "Havana CUB"]
[Date "2010.06.12"]
[Round "3"]
[White "Cabrera Trujillo,J"]
[Black "Arencibia Rodriguez,W"]
[Result "0-1"]
[WhiteElo "2361"]
[BlackElo "2500"]

1.e4 e6 2.d4 d5 3.Nd2 Be7 4.Bd3 c5 5.dxc5 Nf6 6.Qe2 O-O 7.Ngf3 a5 8.a4 Na6
9.e5 Nd7 10.c3 Naxc5 11.Bc2 b6 12.Nd4 Ba6 13.Nb5 Nb8 14.Nf3 Nc6 15.h4 h6
16.Rh3 d4 17.Bxh6 d3 18.Qe3 dxc2 19.Bxg7 Qd3 20.Qh6 Qh7 21.Bxf8 Rxf8 22.Qe3 Rd8
23.Ng5 Qd3 24.Qxd3 Nxd3+ 25.Rxd3 Rxd3 26.Ke2 Rd5 27.f4 Bxb5+ 28.axb5  0-1

[Event "National Open"]
[Site "Las Vegas USA"]
[Date "2010.06.12"]
[Round "3"]
[White "Langer,M USA"]
[Black "Funderburg,J"]
[Result "1-0"]
[WhiteElo "2270"]
[BlackElo "2109"]

1.e4 e6 2.d4 d5 3.Nd2 Nc6 4.Ngf3 Nf6 5.e5 Nd7 6.Bd3 Nb4 7.O-O Nxd3 8.cxd3 Be7
9.Nb3 b6 10.Be3 a5 11.Qc2 Bb7 12.a3 Rc8 13.Qd2 h6 14.Nc1 c5 15.Ne2 c4 16.Nf4 Ba6
17.Nh5 Bf8 18.dxc4 Bxc4 19.Rfc1 a4 20.Qd1 b5 21.Nd2 Nb6 22.Qg4 Rh7 23.Rc3 Nd7
24.Nf4 Qb6 25.Ng6 b4 26.Nxc4 dxc4 27.axb4 Bxb4 28.d5 Qa6 29.dxe6 Qxe6 30.Qxe6+ fxe6
31.Rc2 Kf7 32.Rxa4 Be1 33.Nh4 Nxe5 34.Kf1 c3 35.Ra7+ Kf6 36.Bd4 cxb2 37.Rxb2 Bc3
38.Bxc3 Rxc3 39.Rbb7 Rc2 40.f4  1-0

[Event "14th Master Open"]
[Site "Voronezh RUS"]
[Date "2010.06.13"]
[Round "2"]
[White "Looshnikov,N"]
[Black "Poghosyan,S"]
[Result "1-0"]
[WhiteElo "2500"]
[BlackElo "2310"]

1.e4 e6 2.d4 d5 3.Nd2 Be7 4.Ngf3 Nf6 5.e5 Nfd7 6.c4 c5 7.cxd5 exd5 8.Bd3 Nc6
9.O-O O-O 10.Re1 Re8 11.dxc5 Nxc5 12.Bb1 Bg4 13.h3 Bh5 14.Nb3 Nxb3 15.Qxb3 Bxf3
16.Qxf3 Bb4 17.Rd1 Nxe5 18.Qxd5 Qxd5 19.Rxd5 Rad8 20.Be4 Rxd5 21.Bxd5 Rd8
22.Bb3 Bd2 23.Bxd2 Rxd2 24.Re1 Ng6 25.Re8+ Nf8 26.Re7 Rxb2 27.Bxf7+ Kh8 28.Bb3 g5
29.Rxb7 Rb1+ 30.Kh2 Rb2 31.Kg3 Ng6 32.Rxa7 h5 33.Ra5 h4+ 34.Kf3  1-0